Liberalización financiera, crisis y reforma del sistema bancario chileno: 1974-1999

Gardado en:
Detalles Bibliográficos
Main Authors: Held Y., Günther (Author), Jiménez L., Luis Felipe (Author)
Formato: Libro
Idioma:Lingua castelá
Publicado: Santiago CEPAL 1999
Series:Serie Financiamiento del Desarrollo, 90
Subjects:
Tags: Engadir etiqueta
Sen Etiquetas, Sexa o primeiro en etiquetar este rexistro!

MARC

LEADER 00000nam a2200000 a 4500
001 UCM2419
003 CL-VaPUC
008 020510e19990000CL |||||||||||||||||spa|d
082 0 4 |a 332.46  |b HEL  |2 21 
100 |a Held Y., Günther  |e author  |9 469178 
700 0 |a Jiménez L., Luis Felipe  |e author  |9 469179 
245 1 0 |a Liberalización financiera, crisis y reforma del sistema bancario chileno: 1974-1999 
300 |a 60 p 
942 |c BK 
945 |d 20020510 00:00:00  |a cmena 
260 |a Santiago  |b CEPAL  |c 1999 
600 0 7 |a BANCO CENTRAL DE CHILE  |2 CL-VaPUC  |9 315360 
650 0 |a Bancos  |9 254963 
650 0 |a Crisis financiera  |9 435234 
650 0 |a Derecho bancario  |9 258094 
650 7 |a SISTEMA BANCARIO  |2 CL-VaPUC  |9 434465 
651 7 |a CHILE  |2 CL-VaPUC  |9 469180 
583 |a last modification  |c 20020510 00:00:00  |k Rodrigo Vera 
490 0 |a Serie Financiamiento del Desarrollo, 90 
999 |c 300268  |d 300266 
952 |0 0  |1 0  |4 0  |6 332_460000000000000_HEL_1999  |7 0  |8 P  |9 357840  |a BIBGIM  |b BIBGIM  |d 2019-11-21  |i 3593525  |o 332.46 HEL 1999  |p 3593525  |r 2025-01-15  |w 2019-11-21  |y BK  |k GIM